000 01457nam a2200361 a 4500
001
003 DO-SdBNP
005 20230223143250.0
007 ta
008 090720s20uu ddr bc 000 0 sspadd
020 _a 9789945860405
040 _aDO-SdBNP
_bspa
_cDO-SdBNP
082 4 _bC581f
_222
245 0 0 _aFrontera en transición :
_b diagnostico multidisciplinario de la frontera doinico/haitiana /
_c Haroldo Dilla Alfonso...[et al].
246 0 0 _aCiudades y fronteras :
_bfrontera en transición
260 _aSanto Domingo :
_bUNIBE,
_c2007.
300 _a363 p. :
_bretratos y mapas ;
_c24 cm.
500 _a
500 _a
504 _aBibliografía : p. 305-336
505 2 _aPresentación -- Introducción : desaparecen las fronteras? / Horaldo Dilla Alfonso -- La construcción sociohistórica de la frontera dominico - haitiana -- Contrapunteo medioambiental en la frontera dominico-haitiana / César Cuello Nieto -- La economía fronteriza : las nuevas oportunidades del comercio / Horaldo Dilla Alfonso -- Pobreza, demografía y urbanización de la frontera
590 _a
590 _aInventariado, 2020/VM
650 _a
_z
_912413
650 _a
_z
_912414
700 1 _aDilla Alfonso, Haroldo
_95199
700 1 _aJesús Cedano, Sobeida de
_912415
700 1 _aCuello Nieto, César
_937060
700 1 _aNoble Espejo, José Eliseo
_983148
910 _a Btavarez
942 _2ddc
_cLBS1
956 _aVMateo
999 _c48825
_d48825